| 000 | 00573nam a22001817a 4500 | ||
|---|---|---|---|
| 005 | 20260218120054.0 | ||
| 008 | 260218b |||||||| |||| 00| 0 eng d | ||
| 020 | _a9789393875044 | ||
| 040 | _cVITAP | ||
| 082 |
_223rd Ed. _a794.1092 HIN |
||
| 100 |
_aThe Hindu Group _917059 |
||
| 245 |
_aMasters of the 64 Squares _c/ The Hindu Group and Sportstar |
||
| 260 |
_aChennai _bTHG (The Hindu Group) Publishing Private Limited _c2022 |
||
| 300 | _a190p. : ill. ; 30cm | ||
| 650 | 0 |
_aChess players - India - Biography _917073 |
|
| 700 |
_aSportstar _917074 |
||
| 942 |
_2ddc _cREF |
||
| 999 |
_c47267 _d47267 |
||